| 000 | 00494 a2200169 4500 | ||
|---|---|---|---|
| 999 |
_c4374 _d4374 |
||
| 020 | _a9781472200921 | ||
| 050 | _aPR6107 TYL 2013 | ||
| 100 |
_aTyler, J. D. _eauthor |
||
| 245 |
_aHunter's heart / _cJ. D. Tyler |
||
| 264 |
_aLondon _bHeadline Publishing Group _c2013 |
||
| 300 | _a339p. : | ||
| 500 | _aNovel | ||
| 650 | _aUnited States. -- Navy. -- SEALs -- Fiction. | ||
| 650 | _aMan-woman relationships -- Fiction. | ||
| 650 | _aShapeshifting -- Fiction. | ||
| 942 |
_2lcc _cBK _h6107 _iTYL _kPR |
||